Bioinspired photonics : optical structures and systems inspired by nature /

Bibliographic Details
Main Author: Greanya, Viktoria (Author)
Format: Book
Language:English
Published: Boca Raton, Florida : CRC Press, [2016]
Subjects:

MARC

Tag First Indicator Second Indicator Subfields
LEADER 00000cam a2200000 i 4500
001 in00003583513
005 20170928133222.0
008 150618t20162016flua f b 001 0 eng d
020 |a 9781466504028 (hbk.) 
020 |a 1466504021 (hbk.) 
020 |z 9781466504035 (PDF ebook) 
035 |a (OCoLC)ocn913199923 
040 |a CDX  |e rda  |c CDX  |d DLC  |d UtOrBLW 
042 |a lccopycat 
049 |a TXAM 
050 0 0 |a TA1522  |b .G74 2016 
082 0 0 |a 621.3/65  |2 23 
100 1 |a Greanya, Viktoria,  |e author. 
245 1 0 |a Bioinspired photonics :  |b optical structures and systems inspired by nature /  |c Viktoria Greanya, PhD. 
264 1 |a Boca Raton, Florida :  |b CRC Press,  |c [2016] 
264 4 |c ©2016 
300 |a xx, 396 pages :  |b illustrations (some color) ;  |c 25 cm. 
336 |a text  |b txt  |2 rdacontent 
337 |a unmediated  |b n  |2 rdamedia 
338 |a volume  |b nc  |2 rdacarrier 
504 |a Includes bibliographical references and index. 
650 0 |a Photonics  |x Materials. 
650 0 |a Biomimicry.  |0 http://id.loc.gov/authorities/subjects/sh2009009163 
650 0 |a Structural colors.  |0 http://id.loc.gov/authorities/subjects/sh85129193 
650 0 |a Nanophotonics.  |0 http://id.loc.gov/authorities/subjects/sh2007009336 
945 |a PromptCat  |b 312922 
946 |a stk 
947 |a A14842901143 
948 |a cataloged  |b h  |c 2015/9/15  |d c  |e dmitchel  |f 3:50:30 pm 
994 |a 92  |b TXA 
999 f f |s f4c79e61-3b0b-33b8-9726-f0829a1400f8  |i b9c7aeaa-70c9-3742-8684-b392bf4d78a6  |t 0 
952 f f |p normal  |a Texas A&M University  |b College Station  |c Sterling C. Evans Library  |d Evans: Library Stacks  |t 0  |e TA1522 .G74 2016  |h Library of Congress classification  |i unmediated -- volume  |m A14842901143 
998 f f |a TA1522 .G74 2016  |t 0  |l Evans: Library Stacks